| 000 | 00870nam a22002175i 4500 | ||
|---|---|---|---|
| 001 | 165789 | ||
| 003 | ES-MaACL | ||
| 005 | 20251014063242.0 | ||
| 008 | 960520s1865 fr a |||| | fre d | ||
| 040 |
_aGA _bspa _cCCPB | SIC |
||
| 100 | 1 |
_aStirling Maxwell, William, _cSir, _d1818-1878 _9129751 |
|
| 245 | 1 | 0 |
_aVelazquez et ses oeuvres / _cpar William Stirling ; traduit de l´anglais par G. Brunet ; avec des notes et un catalogue des tableaux de Velazquez par W. Bürger. |
| 260 |
_aParis : _bVve J. Renouard, libraire, _c1865 ( _fTypographie Hennuyer et fils) |
||
| 300 |
_aVIII, 295, [12] p., [1] h. de lám. ; _c23 cm. |
||
| 599 | 1 | _aLa h. de lám. es grab. | |
| 600 | 1 | 4 |
_aVelázquez, Diego, _d1599-1660 _9113793 |
| 700 | 0 |
_aBrunet, Georges. _932157 |
|
| 852 |
_aES-MaACL _jG-12777 _z-- Enc. hol. |
||
| 999 |
_c165789 _d165789 |
||